|
|
|
|
| LEADER |
01103nam a2200325 a 4500 |
| 001 |
nkc20112193868 |
| 003 |
CZ PrNK |
| 005 |
20110629103106.0 |
| 007 |
ta |
| 008 |
110527s2010 xr e f 000 0 cze |
| 015 |
|
|
|a cnb002193868
|
| 020 |
|
|
|q (Brož.)
|
| 040 |
|
|
|a BOA001
|b cze
|
| 072 |
|
7 |
|a 616
|x Patologie. Klinická medicína
|2 Konspekt
|9 14
|
| 080 |
|
|
|a 616-006.04
|2 MRF
|
| 080 |
|
|
|a 616-084
|2 MRF
|
| 080 |
|
|
|a (036)
|2 MRF
|
| 100 |
1 |
|
|a Žaloudík, Jan,
|d 1954-
|7 nlk20000083399
|4 aut
|
| 245 |
1 |
0 |
|a Vyhněme se rakovině především v nás samotných, i ve zdravotnictví /
|c Jan Žaloudík
|
| 260 |
|
|
|a Rosice :
|b Občanské sdružení pro region,
|c 2010
|
| 300 |
|
|
|a 54 s. ;
|c 21 cm
|
| 500 |
|
|
|a Název z obálky
|
| 650 |
0 |
7 |
|a maligní nádorová onemocnění
|7 ph170635
|2 czenas
|
| 650 |
0 |
7 |
|a prevence onemocnění
|7 ph137258
|2 czenas
|
| 655 |
|
7 |
|a informační publikace
|7 fd132454
|2 czenas
|
| 910 |
2 |
|
|a BOA001
|b 2-1269.247
|
| 990 |
|
|
|a BK
|
| 995 |
|
|
|a 60
|
| 991 |
|
|
|b 201106
|c NOV
|e n
|
| 996 |
6 |
|
|b 2610480858
|c 2-1269.247
|l MZK
|r Sklad / do 1 hodiny
|n 0
|p p.v.
|w 001185831
|u 000010
|a 1
|e BOA001
|j MZK50
|s P
|